Mental health care : (Record no. 120958)

MARC details
000 -LEADER
fixed length control field 01324nam a2200373 a 4500
008 - FIXED-LENGTH DATA ELEMENTS--GENERAL INFORMATION
fixed length control field
020 ## - INTERNATIONAL STANDARD BOOK NUMBER
International Standard Book Number 9781742168135 (paperback)
040 ## - CATALOGING SOURCE
Original cataloging agency NUST
Transcribing agency NUST
049 ## - LOCAL HOLDINGS (OCLC)
Holding library MAIN
090 ## - LOCALLY ASSIGNED LC-TYPE CALL NUMBER (OCLC); LOCAL CALL NUMBER (RLIN)
Classification number (OCLC) (R) ; Classification number, CALL (RLIN) (NR) RA790.7.A8
Local cutter number (OCLC) ; Book number/undivided call number, CALL (RLIN) MEN
003 - CONTROL NUMBER IDENTIFIER
control field
005 - DATE AND TIME OF LATEST TRANSACTION
control field 20230120204318.0
245 10 - TITLE STATEMENT
Title Mental health care :
Remainder of title an introduction for health professionals/
Statement of responsibility, etc. Catherine Hungerford ; Richard Clancy ; Donna Hodgson ; Tony Jones ; Anthony Harrison & Chris Hart.
260 ## - PUBLICATION, DISTRIBUTION, ETC.
Place of publication, distribution, etc. Australia :
Name of publisher, distributor, etc. John Wiley & Sons,
Date of publication, distribution, etc. 2012
300 ## - PHYSICAL DESCRIPTION
Extent xxiii, 511 pages :
Other physical details illustrations (some colour) ;
Dimensions 26 cm.
336 ## - CONTENT TYPE
Content type term text
Content type code txt
Source rdacontent
337 ## - MEDIA TYPE
Media type term unmediated
Media type code n
Source rdamedia
338 ## - CARRIER TYPE
Carrier type term volume
Carrier type code nc
Source rdacarrier
500 ## - GENERAL NOTE
General note Includes index.
504 ## - BIBLIOGRAPHY, ETC. NOTE
Bibliography, etc. note Includes bibliographical references.
650 #1 - SUBJECT ADDED ENTRY--TOPICAL TERM
Topical term or geographic name entry element Mental health services.
650 ## - SUBJECT ADDED ENTRY--TOPICAL TERM
Topical term or geographic name entry element Psychiatric hospital care.
650 ## - SUBJECT ADDED ENTRY--TOPICAL TERM
Topical term or geographic name entry element Community mental health services.
650 ## - SUBJECT ADDED ENTRY--TOPICAL TERM
Topical term or geographic name entry element Australia.
650 ## - SUBJECT ADDED ENTRY--TOPICAL TERM
Topical term or geographic name entry element Mental illness.
700 ## - ADDED ENTRY--PERSONAL NAME
Personal name Hungerford, Cathrine.,
-- author.
700 ## - ADDED ENTRY--PERSONAL NAME
Personal name Clancy, Richard.,
-- author.
700 ## - ADDED ENTRY--PERSONAL NAME
Personal name Hodgson, Donna.,
-- author.
700 ## - ADDED ENTRY--PERSONAL NAME
Personal name Jones, Tony.,
-- author.
700 ## - ADDED ENTRY--PERSONAL NAME
Personal name Harrison, Anthony.,
-- author.
700 ## - ADDED ENTRY--PERSONAL NAME
Personal name Hart, Chris.,
-- author.
907 ## - LOCAL DATA ELEMENT G, LDG (RLIN)
a .b10409208
b 08-09-21
c 08-09-21
942 ## - ADDED ENTRY ELEMENTS (KOHA)
Koha item type Ordinary Loan Books
Call number prefix RA790.7.A8
Call number suffix MEN
Holdings
Date last seen Total Checkouts Full call number Barcode Cost, replacement price Price effective from Koha item type Lost status Source of classification or shelving scheme Damaged status Not for loan Collection Withdrawn status Home library Current library Shelving location Date acquired Cost, normal purchase price
01/20/2023   RA790.7.A8 HUN 92004048077 80.00 01/20/2023 BOOKS   LCC     NFIC   Medical Medical GEN 01/20/2023 80.00